000 00352nam a2200145Ia 4500
008 191201s2006 xx 000 0 und d
082 _a005.74
_bSID
100 _aSILBERSCHATZ, Abraham ,Korth
245 0 _aDatabase System Concepts
250 _a5th Rep
260 _aN.Delhi
_bMGH
_c2006
300 _a1142
650 _aB.Tech(CSE)
942 _2ddc
_cBK
999 _c4608
_d4608